| 000 | 00683nam a2200229 a 4500 | ||
|---|---|---|---|
| 005 | 20210219152830.0 | ||
| 008 | 991125n 000 0 spa u | ||
| 035 | _aUPN01000062704 | ||
| 100 | 1 | _aTorres Fernández de Sevilla, Maria Paz | |
| 222 | 0 | _aEDUCACION Y BIBLIOTECA : REVISTA MENSUAL DE DOCUMENTACION Y RECURSOS DIDACTICOS | |
| 245 | 0 | 0 | _aAcercamiento al libro y desarrollo psicológico en la primera infancia |
| 300 | _a44-47 | ||
| 362 | 0 | _a1994 No. 46, abril | |
| 653 | 0 | _aBIBLIOTECAS | |
| 653 | 0 | _aDESARROLLO INFANTIL | |
| 653 | 0 | _aLECTURA | |
| 653 | 0 | _aLIBROS | |
| 653 | 0 | _aNIÑOS | |
| 653 | 0 | _aPRIMERA INFANCIA | |
| 904 |
_aAC _b000515 |
||
| 905 | _aArticulo | ||
| 999 |
_c61826 _d61826 |
||